Miasta w Zagłębiu Dąbrowskim - Statystyki

Ogólne statystyki
  • Ten quiz został rozwiązany 55 razy
  • Średni wynik to 11 z 21
Statystyki odpowiedzi
Liczba mieszkańców Województwo Miasto % Poprawnych
183 962 śląskie Sosnowiec
100%
111 737 śląskie Dąbrowa Górnicza
98%
52 858 śląskie Będzin
89%
29 430 śląskie Czeladź
82%
31 688 małopolskie Olkusz
77%
45 242 śląskie Zawiercie
73%
6768 śląskie Sławków
66%
28 803 śląskie Myszków
59%
8333 śląskie Wojkowice
55%
6260 śląskie Łazy
52%
9182 małopolskie Bukowno
43%
5783 śląskie Siewierz
41%
3276 śląskie Szczekociny
32%
4295 śląskie Żarki
32%
3801 śląskie Ogrodzieniec
30%
1731 śląskie Pilica
30%
7981 śląskie Poręba
30%
7946 małopolskie Wolbrom
30%
2371 śląskie Koziegłowy
27%
1160 śląskie Włodowice
16%
3832 małopolskie Skała
11%
Nie znaleziono quizów pasujących do podanych kryteriów
Rozkład punktacji
Procent ludzi z każdym wynikiem
Percentyl według liczby udzielonych odpowiedzi
Twoja historia wyników
Nie rozwiązałeś tego quizu